Peinture et gravure : La Tentation de saint Antoine - Statistiques

Statistiques générales
  • Ce quiz a été pris 26 fois
  • Le résultat moyen est 4 sur 16
Statistiques - réponses
Par images Hint Réponse % Correct
Espagne Salvador Dali
82%
Pays-Bas Jérôme Bosch
64%
Italie Michel-Ange
50%
Belgique Pieter Bruegel l'ancien
41%
France Paul Cézanne
27%
Italie Le Tintoret
18%
Allemagne Matthias Grünewald
18%
Allemagne Lucas Cranach
14%
Allemagne Max Ernst
14%
Italie Paul Véronèse
14%
Belgique David Teniers
9%
Belgique Josse van Craesbeeck
9%
France Claude Gellée dit le Lorrain
5%
Belgique Cornelis Massys
0%
France Jacques Callot
0%
Belgique Jan Mandyn
0%
Aucun quiz correspondant
Distribution des résultats
% des personnes avec chaque résultat
Percentile par nombre de réponses
Votre historique - résultats
Vous n’avez pas pris ce quiz